[Event "Pushchino (Women) op"]
[Site "Pushchino"]
[Date "2013.12.01"]
[Round "8"]
[White "Fomkina, Maria"]
[Black "Ubiennykh, Ekaterina"]
[Result "0-1"]
[WhiteElo "1906"]
[BlackElo "2340"]
[PlyCount "68"]
[EventDate "2013.11.24"]
[EventType "swiss"]
[EventRounds "9"]
[EventCountry "RUS"]
[SourceTitle "CBM 157 Extra"]
[Source "ChessBase"]
[SourceDate "2013.12.19"]
[SourceVersion "1"]
[SourceVersionDate "2013.12.19"]
[SourceQuality "1"]

1. e4 c6 2. d4 d5 3. exd5 cxd5 4. Bd3 Nc6 5. Ne2 Bg4 6. c3 e6 7. f3 Bh5 8. Nf4 Bg6 9. Nxg6 hxg6 10. f4 Bd6 11. Be3 Nge7 12. Nd2 Qc7 13. g3 Nf5 14. Bxf5 gxf5 15. Nf3 Na5 16. Qa4+ Ke7 17. Rd1 Rab8 18. Qc2 b5 19. a3 Nc4 20. Bc1 a5 21. 0-0 Rhc8 22. Rfe1 Kf8 23. Ng5 Be7 24. Qg2 Qc6 25. Qh3 Bf6 26. Nh7+ Ke7 27. Qxf5 b4 28. Nxf6 gxf6 29. Qd3 bxc3 30. bxc3 Nd6 31. Bd2 f5 32. Rb1 Qc4 33. Qe3 Ne4 34. Rbc1 Rb2 0-1

[Event "Pushchino (Women) op"]
[Site "Pushchino"]
[Date "2013.11.26"]
[Round "3"]
[White "Usacheva, Glafira"]
[Black "Fomkina, Maria"]
[Result "1/2-1/2"]
[WhiteElo "1528"]
[BlackElo "1906"]
[PlyCount "208"]
[EventDate "2013.11.24"]
[EventType "swiss"]
[EventRounds "9"]
[EventCountry "RUS"]
[SourceTitle "CBM 157 Extra"]
[Source "ChessBase"]
[SourceDate "2013.12.19"]
[SourceVersion "1"]
[SourceVersionDate "2013.12.19"]
[SourceQuality "1"]

1. e4 e5 2. Nf3 Nc6 3. Bc4 d6 4. c3 Bg4 5. d3 Nf6 6. Bb3 Be7 7. 0-0 0-0 8. h3 Bh5 9. Nbd2 d5 10. Qe2 dxe4 11. dxe4 Bc5 12. Rd1 Qe7 13. Nf1 Rad8 14. Bd2 Kh8 15. Ng3 Bg6 16. Nh4 Ng8 17. Nhf5 Bxf5 18. Nxf5 Qf6 19. Qg4 h6 20. h4 Na5 21. Be3 Nxb3 22. axb3 Bxe3 23. Nxe3 a6 24. Nd5 Qc6 25. Qg3 Rfe8 26. Re1 Nf6 27. c4 Nxd5 28. exd5 Qd6 29. Rad1 f6 30. Qe3 b6 31. Ra1 a5 32. Red1 f5 33. c5 Qf6 34. cxb6 cxb6 35. Rac1 f4 36. Qh3 e4 37. Rc6 Rd6 38. Qc3 Qe7 39. Rxd6 Qxd6 40. Qc6 Rd8 41. Qxd6 Rxd6 42. Rd4 e3 43. fxe3 fxe3 44. Kf1 Kg8 45. Ke2 Kf7 46. Kxe3 Kf6 47. Ke4 Rd8 48. Rd2 Re8+ 49. Kd4 Rd8 50. Rf2+ Ke7 51. Re2+ Kd7 52. Re6 Rf8 53. Rxb6 Rf4+ 54. Kc5 Rxh4 55. Rb7+ Kd8 56. Rxg7 Rb4 57. Rg3 h5 58. Rc3 Rg4 59. g3 Kd7 60. Kb5 Rd4 61. Kxa5 Rxd5+ 62. Ka4 Rd2 63. Ka3 Rd4 64. b4 h4 65. gxh4 Rxh4 66. Ka4 Rh8 67. b5 Ra8+ 68. Kb4 Ra2 69. b3 Ra1 70. b6 Ra8 71. Kb5 Rb8 72. Rc7+ Kd6 73. Rc3 Kd7 74. Rg3 Rf8 75. Rg7+ Kc8 76. Ra7 Kb8 77. Rc7 Rf5+ 78. Rc5 Rf8 79. Ka6 Rf3 80. b4 Ra3+ 81. Kb5 Rf3 82. Re5 Kb7 83. Re7+ Kb8 84. Re5 Kb7 85. Rd5 Rf7 86. Rc5 Rf3 87. Rc7+ Kb8 88. Re7 Rf5+ 89. Ka6 Rf8 90. Rc7 Rf4 91. Ka5 Rf5+ 92. Rc5 Rf4 93. Rc6 Rf7 94. Rc5 Kb7 95. Kb5 Kb8 96. Rc6 Rf5+ 97. Ka6 Rf1 98. b7 Ra1+ 99. Kb6 Ra6+ 100. Kb5 Ra1 101. Ra6 Rf1 102. Rb6 Rf3 103. Re6 Kxb7 104. Re7+ Kb8 1/2-1/2

[Event "CFO-ch (Women)"]
[Site "Moscow"]
[Date "2013.02.21"]
[Round "3"]
[White "Bogacheva, Anna"]
[Black "Fomkina, Maria"]
[Result "1-0"]
[WhiteElo "1935"]
[BlackElo "2063"]
[PlyCount "115"]
[EventDate "2013.02.21"]
[EventType "swiss (rapid)"]
[EventRounds "9"]
[EventCountry "RUS"]
[SourceTitle "CBM 153 Extra"]
[Source "ChessBase"]
[SourceDate "2013.04.22"]
[SourceVersion "1"]
[SourceVersionDate "2013.04.22"]
[SourceQuality "1"]

1. e4 c5 2. g3 d6 3. Bg2 Nc6 4. Ne2 e5 5. 0-0 Be6 6. Nbc3 Qd7 7. Re1 Bg4 8. d3 Nd4 9. Qd2 Nf3+ 10. Bxf3 Bxf3 11. Qe3 Bg4 12. f3 Be6 13. Nd5 Ne7 14. Nec3 Nxd5 15. Nxd5 Bxd5 16. exd5 Be7 17. c3 0-0 18. Kg2 Rae8 19. Bd2 f5 20. b4 cxb4 21. Qxa7 Ra8 22. Qb6 bxc3 23. Bxc3 Ra6 24. Qb3 Rfa8 25. a3 Bf6 26. Reb1 b6 27. Rd1 h5 28. Bb2 Qa4 29. Qxa4 Rxa4 30. Rac1 R4a5 31. Rc6 Rxd5 32. Rxb6 e4 33. Bxf6 gxf6 34. fxe4 fxe4 35. d4 Rxa3 36. Rb7 Rg5 37. Rc1 Ra8 38. Re7 d5 39. Rcc7 h4 40. Kh3 hxg3 41. hxg3 Rd8 42. g4 f5 43. gxf5 Rxf5 44. Kg4 Rf1 45. Rg7+ Kf8 46. Rh7 Kg8 47. Rhg7+ Kf8 48. Rh7 Rg1+ 49. Kf5 Rf1+ 50. Kg6 Rd6+ 51. Kg5 Rg1+ 52. Kf5 Rd8 53. Rh8+ Rg8 54. Rhh7 Rg1 55. Kf6 e3 56. Rh8+ Rg8 57. Rf7+ Ke8 58. Rxg8# 1-0

[Event "Pushchino (Women) op"]
[Site "Pushchino"]
[Date "2011.09.16"]
[Round "7"]
[White "Ivakhinova, Inna"]
[Black "Fomkina, Maria"]
[Result "1-0"]
[WhiteElo "2288"]
[BlackElo "2009"]
[PlyCount "51"]
[EventDate "2011.09.10"]
[EventType "swiss"]
[EventRounds "9"]
[EventCountry "RUS"]
[SourceTitle "CBM 144 Extra"]
[Source "ChessBase"]
[SourceDate "2011.10.28"]
[SourceVersion "1"]
[SourceVersionDate "2011.10.28"]
[SourceQuality "1"]

1. d4 Nf6 2. c4 d5 3. Nf3 Bg4 4. cxd5 Bxf3 5. gxf3 Nxd5 6. e4 Nb6 7. Nc3 e6 8. Be3 N8d7 9. Qc2 c6 10. f4 Bb4 11. Rg1 g6 12. 0-0-0 Nf6 13. Bd3 Qd7 14. d5 0-0 15. a3 Bxc3 16. Qxc3 Ne8 17. dxe6 Qxe6 18. f5 Qa2 19. Bh6 Na4 20. Qb4 c5 21. Qxa4 b5 22. Bxb5 Nd6 23. Bxf8 Rxf8 24. Kc2 Nxb5 25. Qxb5 a6 26. Qb3 1-0

[Event "Pushchino (Women) op"]
[Site "Pushchino"]
[Date "2011.09.15"]
[Round "6"]
[White "Fomkina, Maria"]
[Black "Shaydullina, Sandugach"]
[Result "0-1"]
[WhiteElo "2009"]
[BlackElo "2191"]
[PlyCount "110"]
[EventDate "2011.09.10"]
[EventType "swiss"]
[EventRounds "9"]
[EventCountry "RUS"]
[SourceTitle "CBM 144 Extra"]
[Source "ChessBase"]
[SourceDate "2011.10.28"]
[SourceVersion "1"]
[SourceVersionDate "2011.10.28"]
[SourceQuality "1"]

1. d4 d5 2. Nf3 c6 3. c4 e6 4. e3 f5 5. Ne5 Nf6 6. Nc3 Bd6 7. f4 0-0 8. c5 Bxe5 9. fxe5 Ne4 10. Nxe4 fxe4 11. Bd2 b6 12. Bb4 a5 13. Ba3 b5 14. b3 Qh4+ 15. g3 Qh6 16. Bc1 Na6 17. a3 Bd7 18. Be2 Rf7 19. Bh5 g6 20. Bg4 Raf8 21. Qe2 Nc7 22. Bd2 a4 23. b4 Ne8 24. Qg2 Qg5 25. Be2 Ng7 26. h4 Qe7 27. Rf1 Rxf1+ 28. Bxf1 g5 29. h5 g4 30. 0-0-0 Be8 31. h6 Nf5 32. Re1 Nxh6 33. Be2 Qg5 34. Rf1 Nf5 35. Rf4 Bh5 36. Qf2 Rf7 37. Be1 Rg7 38. Kd2 Rg6 39. Qf1 Rh6 40. Bxb5 cxb5 41. Qxb5 Bf7 42. Qe2 Rg6 43. b5 Be8 44. c6 Qe7 45. Kd1 Qxa3 46. Bd2 Nxg3 47. Qf2 Qb3+ 48. Kc1 Qc4+ 49. Kd1 Nf5 50. Rxf5 exf5 51. Qxf5 Qb3+ 52. Ke1 Qb1+ 53. Kf2 g3+ 54. Ke2 Qxb5+ 55. Kd1 g2 0-1

[Event "RUS Cup (Women)"]
[Site "Serpukhov"]
[Date "2001.??.??"]
[Round "2"]
[White "Fomkina, Maria"]
[Black "Kursova, Maria"]
[Result "0-1"]
[WhiteElo "2117"]
[BlackElo "2203"]
[PlyCount "36"]
[EventDate "2001.??.??"]
[EventType "swiss"]
[EventRounds "9"]
[EventCountry "RUS"]
[SourceTitle "EXT 2005"]
[Source "ChessBase"]
[SourceDate "2004.11.15"]
[SourceVersion "1"]
[SourceVersionDate "2004.11.15"]
[SourceQuality "1"]

1. e4 c5 2. Nf3 e6 3. d4 cxd4 4. Nxd4 a6 5. c4 Nf6 6. Nc3 Qc7 7. Be3 Bb4 8. f3 0-0 9. Qd2 d5 10. cxd5 exd5 11. Bf4 Qe7 12. Bg5 dxe4 13. fxe4 Bxc3 14. bxc3 Qxe4+ 15. Qe2 Bg4 16. Qxe4 Nxe4 17. Bd2 Re8 18. Ne2 Nc6 0-1

[Event "RUS Cup (Women)"]
[Site "Serpukhov"]
[Date "2001.??.??"]
[Round "4"]
[White "Grunina, Nina"]
[Black "Fomkina, Maria"]
[Result "1-0"]
[WhiteElo "2069"]
[BlackElo "2117"]
[PlyCount "61"]
[EventDate "2001.??.??"]
[EventType "swiss"]
[EventRounds "9"]
[EventCountry "RUS"]
[SourceTitle "EXT 2005"]
[Source "ChessBase"]
[SourceDate "2004.11.15"]
[SourceVersion "1"]
[SourceVersionDate "2004.11.15"]
[SourceQuality "1"]

1. e4 e5 2. Nf3 Nc6 3. Bb5 a6 4. Ba4 Nf6 5. 0-0 Be7 6. Re1 b5 7. Bb3 d6 8. c3 0-0 9. h3 Nb8 10. d4 Nbd7 11. Nbd2 c5 12. a4 Bb7 13. Bc2 Qc7 14. b3 cxd4 15. cxd4 Rfc8 16. Bb1 bxa4 17. Rxa4 Nb8 18. Ra2 Nfd7 19. Bb2 Bf6 20. Nf1 a5 21. Ne3 exd4 22. Ng4 Be5 23. Nxd4 Re8 24. Nf5 h5 25. Nxe5 dxe5 26. Qxh5 Re6 27. Ba3 Nc5 28. Rc2 Nbd7 29. Qg4 g6 30. Rec1 Kf8 31. Rxc5 1-0

[Event "RUS Cup (Women)"]
[Site "Serpukhov"]
[Date "2001.??.??"]
[Round "3"]
[White "Ostrovskaya, Taisiya"]
[Black "Fomkina, Maria"]
[Result "1/2-1/2"]
[WhiteElo "2199"]
[BlackElo "2117"]
[PlyCount "82"]
[EventDate "2001.??.??"]
[EventType "swiss"]
[EventRounds "9"]
[EventCountry "RUS"]
[SourceTitle "EXT 2005"]
[Source "ChessBase"]
[SourceDate "2004.11.15"]
[SourceVersion "1"]
[SourceVersionDate "2004.11.15"]
[SourceQuality "1"]

1. d4 Nf6 2. Nc3 d5 3. Bg5 e6 4. e4 dxe4 5. Nxe4 Be7 6. Bxf6 Bxf6 7. Nf3 0-0 8. c3 b6 9. Bd3 Bb7 10. 0-0 Nd7 11. Re1 Rc8 12. Qe2 c5 13. Nd6 Bxf3 14. Qxf3 Rb8 15. Nc4 Qc7 16. Qe4 g6 17. Ne5 Nxe5 18. dxe5 Bg7 19. h4 b5 20. h5 c4 21. Bc2 Rbd8 22. Re3 Rd5 23. f4 Qc5 24. Kh2 f5 25. Qf3 Rd2 26. Re2 Rxe2 27. Qxe2 gxh5 28. Rd1 Bh6 29. Rd4 Kh8 30. Kh1 Rg8 31. Bd1 Rg4 32. Qf2 Rg8 33. Qh4 Qc8 34. Bf3 Qc7 35. Qf6+ Qg7 36. Qxe6 Qg3 37. Qf6+ Bg7 38. Qxf5 Qe1+ 39. Kh2 h4 40. Rd1 Qg3+ 41. Kh1 Rf8 1/2-1/2